Classifica Pallone d'Oro 2006 - Statistics

Statistiche generali
  • Questo quiz è stato fatto 57 volte
  • Il punteggio medio è 20 su 26
Statistiche sulle risposte
Punti Nazione Squadra Calciatore % Corretto
173 Italia Juventus / Real Madrid Fabio Cannavaro
100%
67 Camerun Barcellona Samuel Eto'o
98%
24 Costa d'Avorio Chelsea Didier Drogba
96%
124 Italia Juventus Gianluigi Buffon
96%
121 Francia Arsenal Thierry Henry
96%
71 Francia Real Madrid Zinédine Zidane
96%
17 Italia Milan Andrea Pirlo
93%
5 Portogallo Manchester United Cristiano Ronaldo
93%
73 Brasile Barcellona Ronaldinho
93%
2 Argentina Barcellona Lionel Messi
85%
5 Italia Milan Gennaro Gattuso
83%
11 Brasile Milan Kakà
83%
3 Inghilterra Chelsea Frank Lampard
81%
2 Italia Juventus / Barcellona Gianluca Zambrotta
81%
2 Italia Fiorentina Luca Toni
78%
11 Portogallo Barcellona Deco
74%
2 Inghilterra Chelsea John Terry
74%
29 Germania Werder Brema Miroslav Klose
74%
5 Francia Juventus / Inter Patrick Vieira
74%
3 Spagna Barcellona Carles Puyol
63%
2 Brasile Olympique Lione Juninho Pernambucano
61%
1 Spagna Valencia David Villa
56%
3 Germania Colonia / Bayern Monaco Lukas Podolski
52%
1 Germania Bayern Monaco Philipp Lahm
50%
13 Germania Arsenal Jens Lehmann
44%
9 Francia Olympique Marsiglia Franck Ribéry
43%
Nessun quiz corrispondente trovato
Distribuzione punteggi
Percentuale di utenti per punteggio
Percentile per numero di risposta
I tuoi punteggi nel tempo
Non hai fatto questo quiz